Transformaciones demográficas y su influencia en el desarrollo en América Latina y el Caribe
Este capítulo está dedicado al proceso de transición demográfica, las etapas en que se ubican los países con respecto a él y los factores que determinan el crecimiento o decrecimiento de sus poblaciones: mortalidad, fecundidad, migración internacional y potencial de crecimiento de la estructura por...
Uloženo v:
| Médium: | Text |
|---|---|
| Vydáno: |
s.l:
CEPAL
|
| Témata: | |
| Tagy: |
Přidat tag
Žádné tagy, Buďte první, kdo vytvoří štítek k tomuto záznamu!
|
MARC
| LEADER | 00000 a a2200000 04500 | ||
|---|---|---|---|
| 001 | 38888 | ||
| 003 | |||
| 040 | |||
| 090 | |a 1001 T772t | ||
| 245 | |a Transformaciones demográficas y su influencia en el desarrollo en América Latina y el Caribe | ||
| 260 | |a s.l: |b CEPAL | ||
| 300 | |a 114 p. | ||
| 520 | |a Este capítulo está dedicado al proceso de transición demográfica, las etapas en que se ubican los países con respecto a él y los factores que determinan el crecimiento o decrecimiento de sus poblaciones: mortalidad, fecundidad, migración internacional y potencial de crecimiento de la estructura por edades. Se examinan, asimismo, algunas de las consecuencias que tendrán las tendencias demográficas en la estructura por edades y el tamaño de la población de los países de América Latina y el Caribe | ||
| 650 | |a TRANSICION DEMOGRAFICA | ||
| 650 | |a ANALISIS DEMOGRAFICO | ||
| 650 | |a ANALISIS COMPARATIVO | ||
| 650 | |a CRECIMIENTO DEMOGRAFICO | ||
| 650 | |a CONSECUENCIAS SOCIALES | ||
| 650 | |a AMERICA LATINA | ||
| 650 | |a CARIBE | ||
| 650 | |a ESPERANZA DE VIDA | ||
| 650 | |a FECUNDIDAD | ||
| 650 | |a MIGRACION | ||
| 650 | |a DISTRIBUCION DE LA POBLACION | ||
| 999 | |c 13666 |d 13666 | ||
